Công nhận và cho thi hành tại Việt Nam : Bản án, quyết định dân sự của tòa án nước ngoài

Nội dung sách tác giả đi sâu phân tích thực trạng, những vấn đề cần đặt ra đối với hoạt động công nhận và thi hành án, quyết định dân sự của toà án nước ngoài tại Việt Nam, đồng thời đề xuất các giải pháp hoàn thiện công tác này tron...

全面介绍

Đã lưu trong:
书目详细资料
主要作者: Bành, Quốc Tuấn
格式: 图书
语言:Undetermined
出版: Hà Nội Chính trị Quốc gia 2015
主题:
标签: 添加标签
没有标签, 成为第一个标记此记录!
Thư viện lưu trữ: Trung tâm Học liệu Trường Đại học Cần Thơ
LEADER 01130nam a2200229Ia 4500
001 CTU_207158
008 210402s9999 xx 000 0 und d
020 |c 68000 
082 |a 341.026 
082 |b T502 
100 |a Bành, Quốc Tuấn 
245 0 |a Công nhận và cho thi hành tại Việt Nam : 
245 0 |b Bản án, quyết định dân sự của tòa án nước ngoài 
245 0 |c Bành Quốc Tuấn 
260 |a Hà Nội 
260 |b Chính trị Quốc gia 
260 |c 2015 
520 |a Nội dung sách tác giả đi sâu phân tích thực trạng, những vấn đề cần đặt ra đối với hoạt động công nhận và thi hành án, quyết định dân sự của toà án nước ngoài tại Việt Nam, đồng thời đề xuất các giải pháp hoàn thiện công tác này trong thời gian tới. 
650 |a International law,Luật quốc tế 
650 |z Vietnam,Việt Nam 
904 |i Qhieu 
980 |a Trung tâm Học liệu Trường Đại học Cần Thơ